[Event "Championnat de France - Accession"]
[Site "Pau"]
[Date "2008.08.16"]
[Round "5.7"]
[White "Bonn, Thomas"]
[Black "Nguyen, Chi-Minh"]
[Result "1/2-1/2"]
[WhiteElo "2190"]
[BlackElo "2432"]
[PlyCount "113"]

1. e4 e6 2. d4 d5 3. Nc3 Bb4 4. e5 c5 5. Bd2 Ne7 6. Nb5 Bxd2+ 7. Qxd2 O-O 8. f4
cxd4 9. Nf3 Nbc6 10. O-O-O Qb6 11. Nfxd4 Bd7 12. Kb1 Rac8 13. h4 Nxd4 14. Nxd4
Nc6 15. Be2 Nxd4 16. Qxd4 Rc5 17. Rh3 Rfc8 18. c3 Bb5 19. Bxb5 Qxb5 20. Qd2 Qc6
21. Rd3 b5 22. Rd4 a5 23. a3 Qc7 24. g4 Rc4 25. Re1 b4 26. Rxc4 Qxc4 27. cxb4
axb4 28. Qxb4 Qd3+ 29. Ka2 h6 30. h5 Qg3 31. f5 Rc4 32. Qb8+ Kh7 33. fxe6 fxe6
34. Rf1 Qxg4 35. Rf8 Qxh5 36. Rh8+ Kg6 37. Qe8+ Kg5 38. Qxe6 Qf3 39. Qe7+ Kg6
40. Rf8 Rf4 41. Rxf4 Qxf4 42. Qe6+ Kg5 43. Qxd5 Kf5 44. Qb7 Kxe5 45. Qxg7+ Kf5
46. b4 Qd2+ 47. Kb3 Qd3+ 48. Qc3 Qd5+ 49. Kc2 Qa2+ 50. Kd3 h5 51. Qc5+ Kg4 52.
Qc4+ Qxc4+ 53. Kxc4 h4 54. b5 h3 55. b6 h2 56. b7 h1=Q 57. b8=Q 1/2-1/2

[Event "Championnat de France - Accession"]
[Site "Pau"]
[Date "2008.08.16"]
[Round "5.8"]
[White "Aguettaz, Maxime"]
[Black "Bleunven, Andre"]
[Result "1-0"]
[WhiteElo "2426"]
[BlackElo "2261"]
[PlyCount "52"]

1. c4 Nf6 2. Nf3 c5 3. Nc3 e6 4. g3 b6 5. Bg2 Bb7 6. b3 Be7 7. Bb2 O-O 8. O-O
d6 9. e3 a6 10. d4 cxd4 11. Nxd4 Bxg2 12. Kxg2 Qc7 13. Qf3 Ra7 14. Rac1 Rc8 15.
Rfd1 Nbd7 16. Nd5 exd5 17. cxd5 Nc5 18. b4 Rb7 19. Nf5 Qd8 20. bxc5 bxc5 21.
Bc3 Rbb8 22. e4 Ne8 23. Bxg7 Bg5 24. Bh6 Bxc1 25. Qg4+ Kh8 26. Bg7+ Kg8 1-0

[Event "Championnat de France - Accession"]
[Site "Pau"]
[Date "2008.08.16"]
[Round "5.9"]
[White "Massoni, Michael"]
[Black "Roos, Louis"]
[Result "1-0"]
[WhiteElo "2172"]
[BlackElo "2375"]
[PlyCount "37"]

1. e4 e6 2. d4 d5 3. Nc3 Bb4 4. a3 Bxc3+ 5. bxc3 dxe4 6. f3 b6 7. Nh3 Bb7 8.
fxe4 Qh4+ 9. Nf2 Nd7 10. Bd3 f5 11. O-O fxe4 12. Nxe4 h6 13. Rf4 Qe7 14. Qh5+
Kd8 15. Rf7 Qe8 16. Qh4+ g5 17. Nxg5 Ngf6 18. Rxf6 hxg5 19. Bxg5 1-0

[Event "Championnat de France - Accession"]
[Site "Pau"]
[Date "2008.08.16"]
[Round "5.10"]
[White "Saucey, Michel"]
[Black "Berthier, Hugo"]
[Result "1-0"]
[WhiteElo "2348"]
[BlackElo "2157"]
[PlyCount "84"]

1. d4 d5 2. c4 c6 3. Nf3 Nf6 4. e3 e6 5. b3 Nbd7 6. Bb2 Bd6 7. Bd3 b6 8. Nbd2
Bb7 9. O-O O-O 10. Ne5 Qe7 11. Qf3 c5 12. Qh3 h6 13. f4 Ne4 14. Nxe4 dxe4 15.
Bc2 Rfe8 16. Rad1 Rad8 17. Qg3 cxd4 18. exd4 f5 19. Ng6 Qf7 20. Ne5 Qe7 21. Kh1
Bb8 22. Ng6 Qf7 23. Ba3 Kh7 24. Ne5 Nxe5 25. fxe5 g5 26. Qe3 Qg6 27. Kg1 Kg7
28. Rfe1 h5 29. Bc1 f4 30. Qe2 f3 31. gxf3 exf3 32. Qf2 Qh6 33. h4 Rg8 34. Bxg5
Kh8 35. Qe3 Rxg5+ 36. hxg5 Rg8 37. Kf2 Qxg5 38. Qxg5 Rxg5 39. Rg1 Rg2+ 40. Rxg2
fxg2 41. Bg6 h4 42. Bh5 h3 1-0

[Event "Championnat de France - Accession"]
[Site "Pau"]
[Date "2008.08.16"]
[Round "5.11"]
[White "Bissieres, Matthieu"]
[Black "Camus De Solliers, Guillaume"]
[Result "1/2-1/2"]
[WhiteElo "2275"]
[BlackElo "2319"]
[PlyCount "44"]

1. e4 c5 2. Nf3 e6 3. d4 cxd4 4. Nxd4 Nc6 5. Nc3 Qc7 6. Be2 a6 7. Be3 Nf6 8. a3
Nxd4 9. Qxd4 Bd6 10. Rd1 Be5 11. Qd3 b5 12. Bd4 Bb7 13. Bxe5 Qxe5 14. O-O Bxe4
15. Qe3 Qf5 16. g4 Qg6 17. Nxe4 Qxe4 18. Qxe4 Nxe4 19. Bf3 d5 20. Bxe4 dxe4 21.
Rfe1 Rc8 22. c3 Ke7 1/2-1/2

[Event "Championnat de France - Accession"]
[Site "Pau"]
[Date "2008.08.16"]
[Round "5.12"]
[White "Li, Frederic"]
[Black "Demuth, Adrien"]
[Result "1-0"]
[WhiteElo "2186"]
[BlackElo "2315"]
[PlyCount "97"]

1. Nf3 Nf6 2. c4 c5 3. Nc3 d5 4. cxd5 Nxd5 5. d4 Nxc3 6. bxc3 g6 7. Bf4 Bg7 8.
e3 O-O 9. Be2 Qa5 10. Qd2 b6 11. O-O Nd7 12. Rab1 Ba6 13. Bxa6 Qxa6 14. e4 Rad8
15. Bh6 Qc4 16. Qe3 Nf6 17. Bxg7 Kxg7 18. Rfe1 Qxa2 19. Ra1 Qc2 20. Re2 Qb3 21.
Rxa7 Ng4 22. Qf4 cxd4 23. cxd4 Nf6 24. h3 Rd7 25. Rxd7 Nxd7 26. Qc7 Nf6 27. d5
Re8 28. Re3 Qb4 29. Qc6 Rd8 30. Qc7 Re8 31. Qc2 e6 32. Qc6 Rd8 33. dxe6 Rd6 34.
Qb7 Rxe6 35. e5 Ng8 36. Ng5 Re7 37. Qd5 Qf4 38. e6 f6 39. Nf7 Nh6 40. Qd8 Ng8
41. Nd6 Qa4 42. Nf5+ gxf5 43. Rg3+ Kh6 44. Qf8+ Kh5 45. Qf7+ Kh6 46. Rxg8 Qa1+
47. Kh2 Qe5+ 48. g3 Rc7 49. Rh8 1-0

[Event "Championnat de France - Accession"]
[Site "Pau"]
[Date "2008.08.16"]
[Round "5.13"]
[White "Rabeyrin, Jean-Jacques"]
[Black "Vallet, Marc"]
[Result "1/2-1/2"]
[WhiteElo "2302"]
[BlackElo "2200"]
[PlyCount "120"]

1. e4 c5 2. Nf3 Nc6 3. d4 cxd4 4. Nxd4 Nf6 5. Nc3 e5 6. Ndb5 d6 7. Bg5 a6 8.
Na3 b5 9. Bxf6 gxf6 10. Nd5 Bg7 11. Bd3 Ne7 12. Nxe7 Qxe7 13. O-O f5 14. c4 Bb7
15. cxb5 fxe4 16. bxa6 exd3 17. axb7 Qxb7 18. Nc4 O-O 19. Qxd3 d5 20. Ne3 e4
21. Qxd5 Qxd5 22. Nxd5 Bxb2 23. Rab1 Rfb8 24. Rfe1 Rxa2 25. Nc3 Raa8 26. Nxe4
Bd4 27. Rxb8+ Rxb8 28. g4 Rb2 29. Rd1 Bb6 30. Rd2 Rxd2 31. Nxd2 Kg7 32. Ne4 Kg6
33. Ng3 Kg5 34. h3 Kh4 35. Kg2 Bc7 36. Nf5+ Kg5 37. Kf3 Bb6 38. h4+ Kg6 39.
Ne7+ Kg7 40. h5 Bc5 41. Nf5+ Kf6 42. Kg3 Ke5 43. Nh6 Bxf2+ 44. Kxf2 Kf4 45. Kg2
Kg5 46. Kg3 Kxh6 47. Kf4 Kg7 48. Kf5 Kh6 49. Kf4 Kg7 50. Kg5 f6+ 51. Kf4 Kh6
52. Kf5 Kg7 53. Ke6 Kh6 54. Kf7 Kg5 55. Kg7 h6 56. Kh7 f5 57. gxf5 Kxf5 58.
Kxh6 Kf6 59. Kh7 Kf7 60. h6 Kf8 1/2-1/2

[Event "Championnat de France - Accession"]
[Site "Pau"]
[Date "2008.08.16"]
[Round "5.14"]
[White "Riff, Vincent"]
[Black "Stephan, Victor"]
[Result "0-1"]
[WhiteElo "2290"]
[BlackElo "2152"]
[PlyCount "108"]

1. e4 c5 2. Nc3 a6 3. Nf3 d6 4. d4 cxd4 5. Nxd4 Nf6 6. Be3 e6 7. g4 e5 8. Nf5
h5 9. g5 Nxe4 10. Nxg7+ Bxg7 11. Nxe4 d5 12. Nf6+ Bxf6 13. gxf6 d4 14. Bg5 Qd5
15. Rg1 Bg4 16. Bg2 e4 17. Qd2 Nc6 18. h3 Bf5 19. b3 O-O-O 20. O-O-O Qc5 21.
Kb2 Rhe8 22. Rge1 b5 23. c3 Kb7 24. cxd4 Rxd4 25. Qe3 Red8 26. Rxd4 Rxd4 27.
Rc1 Qd6 28. Qc3 Nb4 29. Bf4 Nd3+ 30. Qxd3 Rxd3 31. Bxd6 Rxd6 32. Kc3 Kb6 33.
Bf1 Bxh3 34. Bxh3 Rd3+ 35. Kc2 Rxh3 36. Kd2 Rf3 37. Ke2 Rxf6 38. Rh1 Rc6 39.
Kd2 Rc5 40. Rh4 Re5 41. Rf4 f5 42. Rh4 Rd5+ 43. Ke2 Kc5 44. Rxh5 Kb4 45. Rh6 a5
46. Ra6 a4 47. bxa4 bxa4 48. Rc6 Rc5 49. a3+ Kc4 50. Rb6 Rb5 51. Rh6 Kb3 52.
Rh3+ Kb2 53. Kd2 Rb3 54. Rh5 Rf3 0-1

[Event "Championnat de France - Accession"]
[Site "Pau"]
[Date "2008.08.16"]
[Round "5.15"]
[White "Manouck, Thierry"]
[Black "Ryan, Martin"]
[Result "1-0"]
[WhiteElo "2358"]
[BlackElo "2063"]
[PlyCount "85"]

1. c4 e5 2. g3 Nc6 3. Bg2 f5 4. d3 Nf6 5. Nc3 Bb4 6. Bd2 O-O 7. Nh3 d6 8. O-O
Qe8 9. e3 h6 10. f4 Ng4 11. Nd5 Bxd2 12. Qxd2 Qd8 13. b4 Ne7 14. b5 Nxd5 15.
Bxd5+ Kh7 16. Bg2 Qe8 17. e4 Qh5 18. Rae1 Bd7 19. fxe5 dxe5 20. exf5 Bxf5 21.
Bxb7 Qxh3 22. Bxa8 Rxa8 23. Rxf5 Nxh2 24. Qf2 Rd8 25. Rfxe5 Rxd3 26. Qxh2 Rxg3+
27. Kh1 Qg4 28. R5e3 Rxe3 29. Rxe3 Qd1+ 30. Qg1 Qh5+ 31. Kg2 Qg4+ 32. Kf2 Qf4+
33. Rf3 Qd2+ 34. Kg3 Qg5+ 35. Kf2 Qd2+ 36. Kf1 Qc1+ 37. Kg2 Qg5+ 38. Rg3 Qh4
39. Qb1+ Kg8 40. Qd3 Qf6 41. Qd5+ Kh7 42. Qe4+ Kh8 43. Qa8+ 1-0

[Event "Championnat de France - Accession"]
[Site "Pau"]
[Date "2008.08.16"]
[Round "5.16"]
[White "Shirazi, Kamran"]
[Black "Strugnell, Carl"]
[Result "1-0"]
[WhiteElo "2440"]
[BlackElo "2194"]
[PlyCount "70"]

1. e4 c5 2. f4 d5 3. exd5 Nf6 4. Bb5+ Bd7 5. Bxd7+ Qxd7 6. c4 e6 7. dxe6 Qxe6+
8. Qe2 Nc6 9. Nc3 Nb4 10. Qxe6+ fxe6 11. Ke2 O-O-O 12. Nf3 Nd3 13. g3 g6 14.
Ne1 Nxe1 15. Rxe1 Bh6 16. d3 Rhe8 17. Kd2 e5 18. Kc2 exf4 19. Bxf4 Bxf4 20.
gxf4 Ng4 21. Ne4 b6 22. h3 Nh6 23. Nd6+ Rxd6 24. Rxe8+ Kc7 25. Re7+ Rd7 26.
Rae1 Nf5 27. Rxd7+ Kxd7 28. Re5 Nd4+ 29. Kc3 Nf3 30. Re4 h5 31. d4 cxd4+ 32.
Rxd4+ Ke6 33. b4 h4 34. c5 bxc5 35. bxc5 g5 1-0

[Event "Championnat de France - Accession"]
[Site "Pau"]
[Date "2008.08.16"]
[Round "5.17"]
[White "Lagarde, Maxime"]
[Black "Barj, Julien"]
[Result "1-0"]
[WhiteElo "2322"]
[BlackElo "2160"]
[PlyCount "117"]

1. e4 c5 2. Nf3 d6 3. d4 cxd4 4. Nxd4 Nf6 5. Nc3 a6 6. Be3 Ng4 7. Bg5 h6 8. Bh4
g5 9. Bg3 Bg7 10. h3 Ne5 11. f3 Nbc6 12. Bf2 e6 13. Qd2 Na5 14. b3 Bd7 15. Be2
Rc8 16. O-O Ng6 17. Bd3 Be5 18. Nce2 Rg8 19. Rad1 Nc6 20. c3 Qf6 21. b4 Nce7
22. b5 a5 23. b6 Nf4 24. Bb5 Neg6 25. Bxd7+ Kxd7 26. Nb5 Nxe2+ 27. Qxe2 Rc6 28.
c4 Nf4 29. Qd2 h5 30. Be3 Rd8 31. c5 Ke8 32. Na7 Rxc5 33. Bxc5 dxc5 34. Qxd8+
Qxd8 35. Rxd8+ Kxd8 36. Rd1+ Bd4+ 37. Kf1 Kd7 38. g3 Ng6 39. Rd3 h4 40. Kg2 e5
41. Ra3 hxg3 42. Kxg3 Nf4 43. Rxa5 c4 44. Nb5 c3 45. Nxc3 Bxc3 46. Rc5 Be1+ 47.
Kg4 Ne6 48. Rxe5 Bf2 49. Rd5+ Ke7 50. a4 Bxb6 51. Rb5 Bf2 52. Rxb7+ Kf6 53. a5
Nc5 54. Rb6+ Ne6 55. Rb2 Bd4 56. Rb5 Nc5 57. Rb6+ Ke5 58. a6 Nxe4 59. Rb5+ 1-0

[Event "Championnat de France - Accession"]
[Site "Pau"]
[Date "2008.08.16"]
[Round "5.19"]
[White "Rabineau, Clement"]
[Black "Tarchichi, Paul"]
[Result "1-0"]
[WhiteElo "2234"]
[BlackElo "2153"]
[PlyCount "75"]

1. e4 c5 2. Nf3 Nc6 3. Nc3 Nf6 4. Bb5 g6 5. O-O Bg7 6. Re1 O-O 7. d3 Ne8 8. Be3
Nd4 9. Bc4 Nc7 10. a4 d6 11. h3 Bd7 12. Bxd4 cxd4 13. Ne2 e5 14. c3 dxc3 15.
Nxc3 Ne6 16. a5 Rb8 17. Nd5 Nf4 18. Nxf4 exf4 19. d4 Qc7 20. Bd3 b5 21. Qd2 Bh6
22. Rac1 Qb7 23. Qb4 Rfd8 24. Rc2 d5 25. e5 Rbc8 26. Rec1 Rxc2 27. Rxc2 Rc8 28.
Rxc8+ Qxc8 29. Qc5 Qxc5 30. dxc5 b4 31. Nd4 Bg7 32. c6 Bc8 33. Nb5 Bxe5 34.
Nxa7 Be6 35. Nb5 Bc8 36. Na7 Be6 37. a6 d4 38. Nb5 1-0

[Event "Championnat de France - Accession"]
[Site "Pau"]
[Date "2008.08.16"]
[Round "5.20"]
[White "Sanchez, Nicolas"]
[Black "Heinis, Vincent"]
[Result "1/2-1/2"]
[WhiteElo "2229"]
[BlackElo "2116"]
[PlyCount "59"]

1. d4 Nf6 2. c4 Nc6 3. Nf3 e6 4. Bf4 Bb4+ 5. Nbd2 Ne4 6. a3 Nxd2 7. Nxd2 Be7 8.
d5 Nb8 9. e4 d6 10. Bd3 e5 11. Be3 Bg5 12. Qe2 Nd7 13. O-O a5 14. b4 axb4 15.
axb4 Rxa1 16. Rxa1 c5 17. dxc6 bxc6 18. Ra8 Bxe3 19. Qxe3 O-O 20. Nb3 d5 21.
exd5 cxd5 22. c5 Qc7 23. b5 d4 24. Qc1 g6 25. Qa3 e4 26. Bxe4 Qe5 27. Bd3 Qe1+
28. Bf1 d3 29. Qb2 Nxc5 30. Ra1 1/2-1/2

[Event "Championnat de France - Accession"]
[Site "Pau"]
[Date "2008.08.17"]
[Round "6.1"]
[White "Debray, Christopher"]
[Black "Guilleux, Fabien"]
[Result "1/2-1/2"]
[WhiteElo "2378"]
[BlackElo "2397"]
[PlyCount "132"]

1. d4 Nf6 2. c4 g6 3. Nc3 d5 4. cxd5 Nxd5 5. Bd2 Nb6 6. Nf3 Nc6 7. Bf4 Bg7 8.
e3 O-O 9. Bb5 Nd5 10. Bg3 Nxc3 11. bxc3 Na5 12. O-O c5 13. Qa4 a6 14. Be2 b5
15. Qa3 cxd4 16. cxd4 Be6 17. Nd2 Ra7 18. Rfc1 Qb6 19. Qc5 Qxc5 20. Rxc5 Rc8
21. Rxc8+ Bxc8 22. Rc1 Be6 23. a3 Ra8 24. Rc7 Bd5 25. Bf3 Bxf3 26. gxf3 e6 27.
Bd6 Bf8 28. Bb4 Bxb4 29. axb4 Nc4 30. Nxc4 bxc4 31. Rxc4 Rb8 32. Rc6 Rxb4 33.
Rxa6 Kg7 34. Ra7 Kf6 35. Kg2 h5 36. Rd7 Rb5 37. e4 Ra5 38. Kg3 Rg5+ 39. Kf4 Ra5
40. h4 Ra1 41. e5+ Kg7 42. d5 exd5 43. e6 Kf6 44. exf7 Ra4+ 45. Kg3 Kg7 46. f4
Ra3+ 47. f3 Ra4 48. Rxd5 Kxf7 49. f5 gxf5 50. Rxf5+ Kg6 51. Rg5+ Kh6 52. Re5
Kg6 53. Re6+ Kg7 54. Re4 Ra6 55. Re5 Kg6 56. Kf4 Ra4+ 57. Re4 Ra6 58. Rd4 Rf6+
59. Ke3 Re6+ 60. Re4 Ra6 61. Re5 Ra4 62. f4 Ra3+ 63. Ke4 Ra4+ 64. Kf3 Ra3+ 65.
Re3 Ra6 66. Rd3 Rb6 1/2-1/2

[Event "Championnat de France - Accession"]
[Site "Pau"]
[Date "2008.08.17"]
[Round "6.2"]
[White "Crut, Aurelien"]
[Black "Bujisho, Benjamin"]
[Result "1/2-1/2"]
[WhiteElo "2316"]
[BlackElo "2402"]
[PlyCount "26"]

1. e4 c5 2. Nf3 e6 3. c3 Nf6 4. e5 Nd5 5. d4 cxd4 6. cxd4 d6 7. Bc4 Nc6 8. O-O
Be7 9. Qe2 O-O 10. Nc3 Nxc3 11. bxc3 dxe5 12. dxe5 Qa5 13. Qe4 Qa4 1/2-1/2

[Event "Championnat de France - Accession"]
[Site "Pau"]
[Date "2008.08.17"]
[Round "6.3"]
[White "Vernay, Clovis"]
[Black "Aguettaz, Maxime"]
[Result "1/2-1/2"]
[WhiteElo "2345"]
[BlackElo "2426"]
[PlyCount "50"]

1. d4 Nf6 2. c4 g6 3. Nc3 Bg7 4. e4 d6 5. f3 O-O 6. Bg5 c5 7. d5 h6 8. Be3 e6
9. Qd2 exd5 10. cxd5 Re8 11. Nge2 Nbd7 12. Nc1 a6 13. a4 Ne5 14. Be2 Nh7 15.
O-O h5 16. Rb1 Bd7 17. b4 b6 18. N1a2 f5 19. h3 c4 20. b5 a5 21. Rbe1 Rc8 22.
f4 Nd3 23. Bxd3 cxd3 24. Qxd3 fxe4 25. Qd2 Rc4 1/2-1/2

[Event "Championnat de France - Accession"]
[Site "Pau"]
[Date "2008.08.17"]
[Round "6.4"]
[White "Housieaux, David"]
[Black "Bailet, Pierre"]
[Result "1-0"]
[WhiteElo "2411"]
[BlackElo "2268"]
[PlyCount "51"]

1. Nf3 Nf6 2. c4 g6 3. Nc3 Bg7 4. e4 d6 5. d4 O-O 6. Be2 e5 7. O-O Nbd7 8. Re1
c6 9. Rb1 a5 10. Bf1 Qe7 11. Be3 h6 12. h3 Nh7 13. Qd2 exd4 14. Nxd4 Ng5 15.
Rbd1 Nc5 16. f3 Be5 17. Qf2 Kh7 18. Rd2 Nge6 19. f4 Bg7 20. g3 Bd7 21. Bg2 Rae8
22. Red1 Rd8 23. Nxe6 Nxe6 24. Rxd6 Bc8 25. c5 Nc7 26. Qd2 1-0

[Event "Championnat de France - Accession"]
[Site "Pau"]
[Date "2008.08.17"]
[Round "6.5"]
[White "Bedouin, Xavier"]
[Black "Li, Frederic"]
[Result "1-0"]
[WhiteElo "2365"]
[BlackElo "2186"]
[PlyCount "81"]

1. e4 e5 2. Nf3 Nc6 3. Bb5 a6 4. Bxc6 dxc6 5. O-O Ne7 6. Nxe5 Qd4 7. Qh5 g6 8.
Qg5 Bg7 9. Nd3 f5 10. e5 c5 11. b3 b6 12. Bb2 Qg4 13. f4 h6 14. Qxg4 fxg4 15.
Nf2 Bf5 16. d3 Nd5 17. Nd1 O-O-O 18. Nbc3 Nb4 19. Ne3 Be6 20. Ne4 Rhf8 21. Nf6
h5 22. a3 Bxf6 23. exf6 Nd5 24. f5 Bf7 25. Nxd5 Rxd5 26. fxg6 Bxg6 27. Rae1 Rd7
28. Kf2 Re8 29. Rxe8+ Bxe8 30. Ke3 Bf7 31. Kf4 b5 32. Bc3 c4 33. dxc4 bxc4 34.
b4 Rd6 35. Kg5 Kd7 36. Kh6 Ke8 37. Kg7 Re6 38. Rf5 Re4 39. Rc5 g3 40. h3 Rf4
41. Re5+ 1-0

[Event "Championnat de France - Accession"]
[Site "Pau"]
[Date "2008.08.17"]
[Round "6.6"]
[White "Stephan, Victor"]
[Black "Terrieux, Kevin"]
[Result "0-1"]
[WhiteElo "2152"]
[BlackElo "2360"]
[PlyCount "64"]

1. Nf3 Nf6 2. c4 b6 3. d4 e6 4. a3 Ba6 5. Qc2 Bb7 6. Nc3 c5 7. e4 cxd4 8. Nxd4
Bc5 9. Nb3 Nc6 10. Bf4 e5 11. Bg3 O-O 12. Bd3 Rc8 13. Bh4 h6 14. Nd5 g5 15. Bg3
Nd4 16. Nxd4 Bxd4 17. Qe2 Nxd5 18. cxd5 f5 19. f3 f4 20. Bf2 Bxf2+ 21. Qxf2 d6
22. O-O h5 23. h3 Rc7 24. Rfc1 Rg7 25. Qe2 g4 26. hxg4 hxg4 27. fxg4 Bc8 28.
Qf2 Bxg4 29. Rc3 f3 30. g3 Rh7 31. Rac1 Qf6 32. Rc7 Rh5 0-1

[Event "Championnat de France - Accession"]
[Site "Pau"]
[Date "2008.08.17"]
[Round "6.7"]
[White "Rouler, Charly"]
[Black "Saucey, Michel"]
[Result "0-1"]
[WhiteElo "2326"]
[BlackElo "2348"]
[PlyCount "44"]

1. d4 d5 2. c4 e6 3. Nc3 c5 4. cxd5 exd5 5. Nf3 Nc6 6. e3 Nf6 7. Be2 cxd4 8.
Nxd4 Bc5 9. Nxc6 bxc6 10. O-O O-O 11. b3 Bd6 12. Bb2 Re8 13. Rc1 h5 14. Na4 Ng4
15. h3 Nh2 16. Re1 Qg5 17. Kh1 Ng4 18. Rf1 Nxe3 19. fxe3 Qg3 20. Kg1 Qh2+ 21.
Kf2 Bg3+ 22. Kf3 Bh4 0-1

[Event "Championnat de France - Accession"]
[Site "Pau"]
[Date "2008.08.17"]
[Round "6.8"]
[White "Nguyen, Chi-Minh"]
[Black "Massoni, Michael"]
[Result "1/2-1/2"]
[WhiteElo "2432"]
[BlackElo "2172"]
[PlyCount "45"]

1. d4 Nf6 2. c4 g6 3. Nc3 d5 4. Bg5 Ne4 5. Bh4 Nxc3 6. bxc3 Bg7 7. cxd5 Qxd5 8.
e3 c5 9. Qf3 Qd6 10. Bc4 O-O 11. Ne2 cxd4 12. exd4 Nc6 13. O-O Na5 14. Bg3 Qf6
15. Bd5 Qxf3 16. Bxf3 Bf5 17. Bc7 Nc6 18. Ng3 Bd3 19. Rfd1 Rac8 20. Bf4 Bc4 21.
Re1 Rfe8 22. Ne4 Red8 23. Nd2 1/2-1/2

[Event "Championnat de France - Accession"]
[Site "Pau"]
[Date "2008.08.17"]
[Round "6.9"]
[White "Bissieres, Matthieu"]
[Black "Shirazi, Kamran"]
[Result "0-1"]
[WhiteElo "2275"]
[BlackElo "2440"]
[PlyCount "94"]

1. e4 d6 2. d4 Nf6 3. Nc3 g6 4. f3 Bg7 5. Be3 O-O 6. Qd2 Nc6 7. O-O-O e5 8. d5
Nd4 9. Nge2 c5 10. dxc6 bxc6 11. Nxd4 exd4 12. Bxd4 Be6 13. Be3 Rb8 14. Qxd6
Qc8 15. Qa3 Nd7 16. Na4 Nb6 17. Nc5 a5 18. Ba6 Qe8 19. Nxe6 Qxe6 20. Qb3 Nd5
21. exd5 cxd5 22. Qd3 Bxb2+ 23. Kd2 d4 24. Bc4 Qe5 25. Bh6 Bc3+ 26. Kc1 Qc5 27.
Rde1 Qa3+ 28. Kd1 Rb1+ 29. Ke2 Re8+ 30. Kf2 Rbxe1 31. Rxe1 Bxe1+ 32. Kf1 Qxd3+
33. cxd3 Bh4 34. g3 Be7 35. h4 Bf8 36. Bd2 Bb4 37. Bh6 Re1+ 38. Kf2 Rh1 39. Kg2
Rb1 40. Bb3 Rb2+ 41. Kh3 Rf2 42. Bd5 Bd2 43. f4 Bb4 44. Bg5 Kg7 45. Bd8 Rd2 46.
Bc4 Rc2 47. Kg4 f5+ 0-1

[Event "Championnat de France - Accession"]
[Site "Pau"]
[Date "2008.08.17"]
[Round "6.10"]
[White "Vallet, Marc"]
[Black "Payen, Arnaud"]
[Result "0-1"]
[WhiteElo "2200"]
[BlackElo "2372"]
[PlyCount "122"]

1. d4 g6 2. e4 Bg7 3. Nf3 c5 4. c3 Qa5 5. dxc5 Qxc5 6. Be3 Qa5 7. Nbd2 Nc6 8.
h3 d6 9. Be2 Nf6 10. O-O O-O 11. Nd4 Bd7 12. f4 Rfc8 13. N4b3 Qc7 14. Qe1 Rab8
15. a4 b6 16. Qh4 Be6 17. f5 Bxb3 18. Nxb3 Ne5 19. Nd4 Qb7 20. Bg5 Nxe4 21.
Bxe7 f6 22. Ba6 Qxa6 23. Qxe4 Qb7 24. Qxb7 Rxb7 25. Bxd6 Nc4 26. Ba3 Rd7 27.
Rfe1 Kf7 28. Re6 Bh6 29. Kf2 Bf4 30. g4 g5 31. Ke2 h5 32. gxh5 Rh8 33. Kd3 Nxa3
34. Rxa3 Rxh5 35. Kc4 Rxh3 36. Re4 Rh2 37. Rb3 Rc7+ 38. Kb5 Rc5+ 39. Ka6 Ra5+
40. Kb7 Rxa4 41. Rb5 Rh8 42. b4 Rb8+ 43. Kc6 Ra3 44. Ne2 Be5 45. Rd5 Rc8+ 46.
Kd7 Rc7+ 47. Kd8 Re7 48. Rd7 Rxd7+ 49. Kxd7 Ra2 50. b5 Rd2+ 51. Kc6 g4 52. Nf4
g3 53. Ne6 Rd6+ 54. Kb7 Rxe6 55. fxe6+ Kxe6 56. Kxa7 f5 57. Re1 f4 58. Kxb6 f3
59. Rf1 g2 60. Rxf3 g1=Q+ 61. Ka6 Bc7 0-1

[Event "Championnat de France - Accession"]
[Site "Pau"]
[Date "2008.08.17"]
[Round "6.11"]
[White "Moussard, Jules"]
[Black "Manouck, Thierry"]
[Result "1-0"]
[WhiteElo "2255"]
[BlackElo "2358"]
[PlyCount "79"]

1. e4 d6 2. d4 Nf6 3. Nc3 Nbd7 4. f4 e5 5. Nf3 exd4 6. Qxd4 c6 7. Be3 d5 8.
exd5 Bc5 9. Qd3 Qe7 10. Nd4 Nxd5 11. Nxd5 cxd5 12. O-O-O Nf6 13. h3 O-O 14. g4
Re8 15. Bg1 Ne4 16. Bg2 b6 17. Kb1 g6 18. Be3 Bb7 19. Rhe1 Qh4 20. Nb3 Bf8 21.
Bd4 Re7 22. a4 Rae8 23. Rf1 Rd7 24. Qb5 Red8 25. Bxe4 dxe4 26. Qe5 f6 27. Qe6+
Rf7 28. Bc3 Bc8 29. Qc4 Re8 30. f5 Bg7 31. fxg6 hxg6 32. Rd6 e3 33. Nc1 Qxh3
34. Rfxf6 Bxf6 35. Rxf6 Qh7 36. Ne2 Kf8 37. Bb4+ Kg8 38. Nf4 Ba6 39. Qb3 e2 40.
Be1 1-0

[Event "Championnat de France - Accession"]
[Site "Pau"]
[Date "2008.08.17"]
[Round "6.12"]
[White "Daurelle, Herve"]
[Black "Lagarde, Maxime"]
[Result "1/2-1/2"]
[WhiteElo "2253"]
[BlackElo "2322"]
[PlyCount "80"]

1. e4 c5 2. Nf3 d6 3. d4 cxd4 4. Nxd4 Nf6 5. Nc3 a6 6. Bg5 e6 7. f4 Nc6 8. e5
h6 9. Bh4 g5 10. fxg5 Nd5 11. Nxd5 exd5 12. e6 fxe6 13. Nxc6 bxc6 14. Qh5+ Kd7
15. gxh6 Qe8 16. Qxe8+ Kxe8 17. Bg5 Bxh6 18. Bxh6 Rxh6 19. O-O-O e5 20. Be2 Ra7
21. h4 Rah7 22. g3 Ke7 23. Rd3 a5 24. Ra3 Rg7 25. h5 Bg4 26. Bxg4 Rxg4 27. Rxa5
Rxg3 28. a4 Rg5 29. b4 Rhxh5 30. Rxh5 Rxh5 31. Ra7+ Kd8 32. a5 Kc8 33. a6 Rh1+
34. Kb2 Kb8 35. Rb7+ Ka8 36. Rd7 Rh4 37. c3 Rc4 38. Rxd6 e4 39. b5 cxb5 40.
Rxd5 Ka7 1/2-1/2

[Event "Championnat de France - Accession"]
[Site "Pau"]
[Date "2008.08.17"]
[Round "6.13"]
[White "Camus De Solliers, Guillaume"]
[Black "Rabineau, Clement"]
[Result "1-0"]
[WhiteElo "2319"]
[BlackElo "2234"]
[PlyCount "79"]

1. d4 d6 2. c4 Nf6 3. Nc3 Nbd7 4. Nf3 e5 5. g3 exd4 6. Nxd4 Be7 7. Bg2 O-O 8.
O-O c6 9. h3 Re8 10. e4 Nb6 11. b3 d5 12. exd5 cxd5 13. cxd5 Bb4 14. Bb2 Bxc3
15. Bxc3 Nbxd5 16. Bb2 Bd7 17. Qf3 Rc8 18. Rfd1 Qa5 19. a3 Qb6 20. Rd3 Re5 21.
g4 Rce8 22. Nf5 Bxf5 23. gxf5 Re1+ 24. Rxe1 Rxe1+ 25. Kh2 h5 26. Qg3 Ne7 27.
Bd4 Qa6 28. Rf3 h4 29. Qb8+ Kh7 30. Rf4 Neg8 31. Rxh4+ Nh6 32. Qf8 Re8 33. Qxf7
Qd6+ 34. Kg1 Re1+ 35. Bf1 Ne8 36. Bxg7 Nxg7 37. f6 Rxf1+ 38. Kxf1 Qd3+ 39. Kg2
Qe4+ 40. Rxe4 1-0

[Event "Championnat de France - Accession"]
[Site "Pau"]
[Date "2008.08.17"]
[Round "6.14"]
[White "Bonn, Thomas"]
[Black "Rabeyrin, Jean-Jacques"]
[Result "1-0"]
[WhiteElo "2190"]
[BlackElo "2302"]
[PlyCount "35"]

1. e4 c5 2. Nf3 d6 3. d4 cxd4 4. Nxd4 Nf6 5. Nc3 a6 6. f4 Qc7 7. Be2 g6 8. g4
b5 9. g5 b4 10. Ncb5 axb5 11. gxf6 Bd7 12. Nxb5 Bxb5 13. Bxb5+ Nd7 14. Be3 exf6
15. Qd5 Rc8 16. e5 Be7 17. exd6 Qxd6 18. O-O-O 1-0

[Event "Championnat de France - Accession"]
[Site "Pau"]
[Date "2008.08.17"]
[Round "6.15"]
[White "Roos, Louis"]
[Black "Le Goff, Damien"]
[Result "1/2-1/2"]
[WhiteElo "2375"]
[BlackElo "2261"]
[PlyCount "66"]

1. Nf3 g6 2. e4 c5 3. d3 Nc6 4. g3 Bg7 5. Bg2 d6 6. h3 e6 7. O-O Nge7 8. c3 O-O
9. a4 a6 10. Be3 Rb8 11. d4 cxd4 12. Nxd4 d5 13. exd5 Nxd5 14. Nxc6 bxc6 15.
Bc5 Re8 16. c4 Nb4 17. a5 Qg5 18. Bb6 Qe7 19. Nc3 c5 20. Na2 Nxa2 21. Rxa2 Bb7
22. b3 Bd4 23. b4 e5 24. bxc5 Bxg2 25. Kxg2 Rec8 26. Qa4 Qe6 27. Rb1 Rc6 28.
Re2 Rbc8 29. Rbe1 Qf6 30. Qc2 Kg7 31. Qe4 Bxc5 32. Qxe5 Bxb6 33. axb6 Qxe5
1/2-1/2

[Event "Championnat de France - Accession"]
[Site "Pau"]
[Date "2008.08.17"]
[Round "6.16"]
[White "Demuth, Adrien"]
[Black "Sanchez, Nicolas"]
[Result "1-0"]
[WhiteElo "2315"]
[BlackElo "2229"]
[PlyCount "96"]

1. d4 Nf6 2. c4 g6 3. Nc3 Bg7 4. e4 d6 5. Nf3 O-O 6. Be2 e5 7. O-O Na6 8. Be3
Ng4 9. Bg5 Qe8 10. c5 exd4 11. Nd5 Qxe4 12. Ne7+ Kh8 13. Bxa6 bxa6 14. Re1 Qb7
15. Rc1 Qxb2 16. Rc2 Qa3 17. c6 d3 18. Rd2 Rb8 19. h3 Ne5 20. Nxe5 dxe5 21.
Rxd3 Qxa2 22. Nxc8 Rfxc8 23. Qf3 Qe6 24. Rd7 f6 25. Bc1 Kg8 26. Red1 e4 27. Qa3
Bf8 28. Qxa6 Bc5 29. Be3 Bb6 30. Qa3 Re8 31. Bxb6 Rxb6 32. Rxc7 Rxc6 33. Rxa7
e3 34. Qxe3 Qxe3 35. fxe3 f5 36. Rdd7 h5 37. Rg7+ Kh8 38. Rh7+ Kg8 39. Rhg7+
Kf8 40. Rgf7+ Kg8 41. Rg7+ Kh8 42. Kf2 Rce6 43. Rh7+ Kg8 44. Rhg7+ Kh8 45. Kg3
Rxe3+ 46. Kf4 R8e6 47. Rh7+ Kg8 48. Rhg7+ Kh8 1-0